000 00491 a2200157 4500
003 OSt
005 20231123145538.0
008 231123b |||||||| |||| 00| 0 eng d
020 _a9788184872415
040 _coclc
082 _a547.1223
_bDHI/S
100 1 _aDhillon, Ranjit S.
_99940
245 _aStereochemistry /
_bRanjit Dhillon, Inder Pal Singh, Chinnappan Baskar
260 _aNew Delhi:
_bNarosa,
_c2014.
942 _2ddc
_cBK
_h547.1223
_iDHI/S
_k547.1223
_mDHI/S
999 _c41878
_d41878